| 000 | 00429nam a22001217a 4500 | ||
|---|---|---|---|
| 082 | _a220 PRO | ||
| 100 |
_aFAHAD,RABIA,DR UMAR SHAHBAZ, _971865 |
||
| 245 | _aPR-SOF-1236-DESIGN AND FABRICATION OF AN ACTUATED HAND EXOSKELETON FOR STROKE AND POST TRAUMATIC REHABILITATION | ||
| 260 |
_aISLAMABAD _bNUST COLLEGE OF EME _c2013 |
||
| 650 |
_aDE-MTS-31 _971866 |
||
| 700 |
_aSUPERVISOR ,DR JAVAID IQBAL, UBAID,ANUM _971867 |
||
| 942 | _cCR | ||
| 999 |
_c578151 _d578151 |
||